000 00660nam a2200229Ia 4500
003 OSt
005 20240628160643.0
008 210716s2009 xx 000 0 und d
020 _a978006231282
040 _cAIMIT LIBRARY
041 _aeng
082 _a374.22
_21
_bROCD
100 _aRock, David.
_9171962
245 _aYour brain at work /
_cBy David Rock.
250 _a1st ed.
260 _aNew York ;
_bHarper collins ,
_c2009.
300 _axiv,288p. ;
_bPB
_c22.5 cm
650 _aProblems and decisions
_9171963
650 _aStay cool under pressure
_9171964
650 _aCollaborate with others
_9171965
942 _2ddc
_cBK
_e1st
_k374.22 ROCD
999 _c208734
_d208734